00582nam a2200205Ia 450000500170000000800410001702000150005804000180007304100080009108200210009910000200012024500470014025000120018726000380019930000240023765000260026165000230028765000330031065000330034320220124181316.0210716s2004 xx 000 0 und d a8122500102 cAIMIT LIBRARY aeng a001.42 21bSARP aSaravanavel, P. aResearch methodology /cBy P. Saravanavel. a1st ed. aNew Delhi :bKitab Mahal ,c2004. ax,486p. ;c21.5 cm. aResearch Methodology. aScientific Method. aResearch Process and Design. aDocumentary Sources of Data.